000 00481nam a2200181Ia 4500
003 GCL
008 140319s9999 xx 000 0 eng d
040 _aGCL /
_cGCL
082 0 4 _aCC
_b323.34
_bS W
100 1 _aSULLWON, EARL L.
245 1 0 _aWOMEN IN EGYPTIAN PUBLIC LIFE /
_cSULLWON, EARL L.
260 _a[S.N] :
_bTHE AMERICAN UNIVERSITY IN CAIRO PRESS ،
_c1989
300 _a223 PP
650 0 4 _aEGYPT
650 0 4 _aWOMEN
650 0 4 _aEGYPTIAN WOMEN
942 _2ddc
_cBK
999 _c12153
_d12153